000 00329nam a2200145 i 4500
001 bg
100 1 _aVLASOV, N. A.
245 0 _aNejtrony /
_cN.A. Vlasov.
250 _aIzdanie vtoroe nerabotannoe.
260 _aMoskva,
_c1971.
040 _cBPK
041 _apol
942 _cKS
008 s pl f |000 0 pol
999 _c13991
_d13991
856 _uhttp://koha.tu.koszalin.pl/cgi-bin/koha/opac-detail.pl?biblionumber=13991
_yKatalog online BPK